| 000 | 01048nam a2200313 a 4500 | ||
|---|---|---|---|
| 001 | BRL_870 | ||
| 005 | 20190320210931.0 | ||
| 008 | 211013s1975----mx-a######---#000-j#spa-# | ||
| 041 | _aspa | ||
| 044 | _amx | ||
| 050 | 4 |
_aPQ6613.A763 _b.G37 1975 |
|
| 100 | 1 |
_aGarcía Lorca, Federico _d1898-1936 _925190 |
|
| 245 | 1 | 0 |
_aMariana Pineda ; La zapatera prodigiosa ; Así que pasen cinco años ; Doña Rosita la soltera ; La casa de Bernarda Alba ; Primeras canciones ; Canciones _cFederico García Lorca ; Prólogo de Salvador Novo. |
| 250 | _a2 | ||
| 260 |
_aMéxico _bEditorial Porrúa _c1975 |
||
| 300 |
_axxii, 251 p. _bil. _c22 cm. |
||
| 440 | 0 |
_aSepan Cuantos _v255 _925191 |
|
| 500 | _aAu961 | ||
| 650 | 1 | 4 |
_aTeatro español _ySiglo XX _925192 |
| 700 | 1 |
_aNovo, Salvador _epról. _910738 |
|
| 740 | 0 | _aLa Zapatera prodigiosa | |
| 740 | 0 | _aAsi que pasen cinco años | |
| 740 | 0 | _aDona rosita la soltera | |
| 740 | 0 | _aLa Casa de Bernarda Alba | |
| 740 | 0 | _aPrimeras canciones | |
| 740 | 0 | _aCanciones | |
| 902 | _aGRL | ||
| 942 |
_2lcc _cB |
||
| 999 |
_c9682 _d9682 |
||